| 000 | 00446cam a22001337a 4500 | ||
|---|---|---|---|
| 008 | 180718b1990 xxu||||| |||| 00| 0 eng d | ||
| 082 | _aU G693 | ||
| 100 | _aGosling, Rosemary | ||
| 245 |
_aBridging the gap: secondments between government and business _cby Rosemary Gosling and Sandra Nutley |
||
| 260 |
_aLondon _bRoyal Institute of Public Adminsitration _c1990 |
||
| 300 | _a92p. | ||
| 650 | _aGovernment and Business | ||
| 700 | _aNutley, Sandra | ||
| 999 |
_c476759 _d476759 |
||